| 000 | 00887nam a2200325 a 4500 | ||
|---|---|---|---|
| 003 | AR-BaBNM | ||
| 005 | 20251128204732.0 | ||
| 008 | 082120s2002 ||||||||||||||000 | spa|| | ||
| 020 | _a968-16-1380-5 | ||
| 040 | _cAR-BaBNM | ||
| 100 | 1 | _aPassmore, John | |
| 245 | 0 | 0 | _aFilosofía de la enseñanza |
| 250 | _a1ª ed. | ||
| 260 |
_aMéxico, D.F. _bFondo de Cultura Económica _c1983 |
||
| 300 | _a303 p. | ||
| 490 | 0 | _aMedio siglo. Obras de educación | |
| 500 | _aContiene índice analítico en p. 297-302 | ||
| 500 | _aTraducción de Federico Patán | ||
| 650 | 4 | _aPEDAGOGIA | |
| 650 | 4 | _aGRAMATICA | |
| 650 | 4 | _aENSEÑANZA | |
| 650 | 4 | _aACCESO A LA INFORMACION | |
| 650 | 4 | _aTRANSFERENCIA DE LA INFORMACION | |
| 650 | 4 | _aIMAGINACION | |
| 650 | 4 | _aMOTIVACION | |
| 650 | 4 | _aENSEÑANZA DE IDIOMAS | |
| 650 | 4 | _aEDUCACION SEXUAL | |
| 942 | _cBK | ||
| 998 | _cGLORIA | ||
| 999 |
_c8614 _d8614 |
||